000 00287nam a2200121Ia 4500
008 241002s9999 xx 000 0 und d
082 _a741.5 GUA
100 _aGuaveschi, Giovamai
245 4 _aThe little world of Don Camillo
260 _aLondon:
_c1963
600 _aArt
942 _cUC
999 _c18744
_d18744